| 000 | 00673nam a2200205 i 4500 | ||
|---|---|---|---|
| 001 | bg | ||
| 245 | 0 | 0 |
_aInformator o studiach w Politechnice Koszalińskiej w roku akademickim 2001/2002 / _c[oprac. Dział Nauczania Politechniki Koszalińskiej]. |
| 260 |
_aKoszalin : _bWydaw. Uczelniane PK, _c2001. |
||
| 300 |
_a132 s. : _brys. ; _c21 cm. |
||
| 651 | 9 |
_aKoszalin (woj. zachodniopomorskie) _xPolitechnika |
|
| 655 | _aInformatory | ||
| 710 | 0 |
_aPolitechnika Koszalińska _bDział Nauczania |
|
| 020 | _a838828360X | ||
| 040 | _cBPK | ||
| 041 | 0 | _apl | |
| 080 | _a378.662(438) | ||
| 920 | _a83-88283-60-X | ||
| 942 | _cKS | ||
| 008 | s pl f |000 0 pol | ||
| 999 |
_c39431 _d39431 |
||
| 856 |
_uhttp://koha.tu.koszalin.pl/cgi-bin/koha/opac-detail.pl?biblionumber=39431 _yKatalog online BPK |
||